000 00424nam a2200181Ia 4500
008 170918s9999 xx 000 0 und d
020 _a9780316053464
050 _bM613 2006
100 _aMeyer, Stephanie
245 _aNew Moon /
245 _cby Stephanie Meyer.
260 _aUSA :
260 _bMT Books,
260 _c2006
300 _a563 pages :
300 _billustrations ;
300 _eTwilight series.
999 _c343367
_d343367